000 00334nam a22001337a 4500
008 180214b xxu||||| |||| 00| 0 eng d
041 _aeng
080 _a331.101.262 STA
082 _a331.101.262 STA
100 _a52
101 _aBNJ
245 _aPsychological foundations of organizational behavior
_cStaw,B.M
942 _2udc
_cBK
999 _c42508
_d42508